| 000 | 01175cam a22002054a 4500 | ||
|---|---|---|---|
| 005 | 20250605164041.0 | ||
| 008 | 250528s ||||||||||||||||||||||||d | ||
| 035 | _a16995 | ||
| 020 | _a192852434 | ||
| 040 |
_aGR-AtMCL _bgre _dGR-AtMCL _eAACR2 |
||
| 245 | 1 | _aThe Ideologies of Class / Social Relations in Britain 1880-1950 | |
| 250 | _a1st | ||
| 260 |
_bOxford University Press, _c1990 |
||
| 300 | _a308 | ||
| 520 | _aThe writers examine the social and political character of the working class, as well as its relationship with the rest of society and the State. Abbreviations, Why Was There No Marxism in Great Britain?, Arthur Henderson as Labor Leader, The Franchise Factor in the Rise of the Labor Party, Working-Class Gambling in Britain 1880-1939, Work and Hobbies in Britain 1880-1950, Class and Poverty in Edwardian England, The Economic Policy of the Second Labor Government 1929-1931, The ''Social Psychology'' of Unemployment in Inter-War Britain, Class and Conventional Wisdom: The Conservative Party and the ''Public'' in Inter-War Britain, Conclusion, Index. | ||
| 700 | 1 |
_aMckibbin Ross _93119 |
|
| 942 | _cBK | ||
| 999 |
_c2436 _d2436 |
||